Combattants UFC ayant eu une ceinture - Statistiques

Statistiques générales
  • Ce quiz a été pris 4 618 fois
  • Le résultat moyen est 5 sur 11
Answers on the Grid
Answers color-coded by a green-red scale on the quiz's grid according to % correct below.
Georges St-Pierre
Israel Adesanya
Donald Cerrone
Daniel Cormier
Nate Diaz
Nick Diaz
Darren Till
Jorge Masvidal
TJ Dillashaw
Chael Sonnen
Michael Bisping
Khabib Nurmagomedov
Stephen Thompson
Rashad Evans
Tony Ferguson
Renato Moicano
Dustin Poirier
Yoel Romero
Benoît Saint-Denis
Kevin Lee
Islam Makhachev
Dan Hooker
Colby Covington
Justin Gaethje
Cain Velasquez
Yair Rodriguez
Morgan Charrière
Charles Oliveira
Michael Chandler
Max Holloway
 
Statistiques - réponses
Réponse % Correct
Georges St-Pierre
98%
Israel Adesanya
89%
Daniel Cormier
74%
Khabib Nurmagomedov
46%
Charles Oliveira
34%
Islam Makhachev
32%
Max Holloway
28%
Michael Bisping
27%
TJ Dillashaw
24%
Cain Velasquez
15%
Rashad Evans
7%
Aucun quiz correspondant
Distribution des résultats
% des personnes avec chaque résultat
Percentile par nombre de réponses
Votre historique - résultats
Vous n’avez pas pris ce quiz